000
00239nam a2200085Ia 4500
005
20250523154322.0
008
250523s9999 xx 000 0 und d
245
0
_a
Ece Yüce/Ece Yüce İle Nasıl Baş Edecek
_c
Gülten Dayıoğlu
260
_b
ALTIN
999
_c
12050
_d
12050